000 00718nam a2200265 i 4500
001 C2-0261959
003 PPAK
005 20180727231243.0
008 050116s2001 my |||| ||||| | may d
020 _a983137925X
040 _aPPAK
_beng
_cPPAK
_erda
082 0 4 _a899.233
_223
090 0 0 _a899.233
_bZAL
_dG
100 0 _aZaleha Mohd Rasad,
_eauthor
245 1 0 _aPengorbanan
264 1 _aSeberang Perai Tengah, Pulau Pinang :
_bRhythm Publishing ,
_c2001
300 _a127 pages ;
_c18 cm
336 _2rdacontent
_atext
337 _2rdamedia
_aunmediated
338 _2rdacarrier
_avolume
490 1 _aSiri cinta Rhythm
650 1 0 _aMalay fiction.
830 0 _aSiri cinta Rhythm
942 _ddc
_cB
999 _c72516
_d72516